zpět

Detail výsledku týmu

U Lucerny ČT, Brno

Datum a čas kvízu

27.5 Celkem bodů Celkový počet nahraných bodů na tomto kvízu bez doplňovacích otázek.
11. Pořadí na kvízu Konečné umístění týmu na tomto kvízu.

Zaznamenané odpovědi

# Otázka Odpověď Body Výsledky
1. Jedna kavárna na Šumavě zařadi... o smažený sýr 1
2. Která první dáma se minulý týd... Brigitte Macron 1
3. Který hororový snímek získal v... Hříšníci/Sinners 0
4. V pondělí opustila přísně stře... Předmostecká/Předmostí 0
5. Ve kterém sportu povede nově č... A 0
6. Jak se jmenuje italský horolez... Reinhold Messner 0
7. Jak se trojslovně jmenuje disc... lezení na obtížnost 0
8. Jak se jmenuje tento základní... dračí smyčka 0
9. Za půl bodu napište jméno ikon... Matterhorn, Švýcarsko a Itálie 0.5
10. Jak se jmenuje fenomenální slo... B) Janja Garnbret 0